|
|
|
|
| LEADER |
03330nam a2200541 4500 |
| 001 |
978-3-319-66155-1 |
| 003 |
DE-He213 |
| 005 |
20191026222426.0 |
| 007 |
cr nn 008mamaa |
| 008 |
180302s2018 gw | s |||| 0|eng d |
| 020 |
|
|
|a 9783319661551
|9 978-3-319-66155-1
|
| 024 |
7 |
|
|a 10.1007/978-3-319-66155-1
|2 doi
|
| 040 |
|
|
|d GrThAP
|
| 050 |
|
4 |
|a HD62.5
|
| 072 |
|
7 |
|a KFFH
|2 bicssc
|
| 072 |
|
7 |
|a BUS017030
|2 bisacsh
|
| 072 |
|
7 |
|a KFFH
|2 thema
|
| 082 |
0 |
4 |
|a 658.421
|2 23
|
| 100 |
1 |
|
|a Tech, Robin P. G.
|e author.
|4 aut
|4 http://id.loc.gov/vocabulary/relators/aut
|
| 245 |
1 |
0 |
|a Financing High-Tech Startups
|h [electronic resource] :
|b Using Productive Signaling to Efficiently Overcome the Liability of Complexity /
|c by Robin P. G. Tech.
|
| 250 |
|
|
|a 1st ed. 2018.
|
| 264 |
|
1 |
|a Cham :
|b Springer International Publishing :
|b Imprint: Springer,
|c 2018.
|
| 300 |
|
|
|a XIX, 206 p.
|b online resource.
|
| 336 |
|
|
|a text
|b txt
|2 rdacontent
|
| 337 |
|
|
|a computer
|b c
|2 rdamedia
|
| 338 |
|
|
|a online resource
|b cr
|2 rdacarrier
|
| 347 |
|
|
|a text file
|b PDF
|2 rda
|
| 505 |
0 |
|
|a Introduction: High-Tech Startup Financing -- Theory: The Liability of Complexity -- Methodology: Mixed Methods Approach -- Study I: Survey of German Startups -- Study II: Interviews with Entrepreneurs and Investors -- Framework: Matching Signals with Complexities of High-Tech Strartups -- Discussion: Why Signals Can Help to Overcome the Liability of Complexity -- Conclusion: Taming Complexity -- Appendix.
|
| 520 |
|
|
|a This book examines the adverse effects of complexity, information asymmetries, transaction costs, and uncertainty on investors' decision making. It suggests mitigating those effects using appropriate and matching signals, and analyzes a sample of 903 German startups to quantitatively highlight the distinct financing patterns and characteristics of high-tech startups. It then investigates the reasons for these patterns on the basis of a qualitative study that includes 34 interviews with investors and entrepreneurs in the US and Germany and an international expert panel. Lastly, it presents a framework that matches complexity factors with appropriate productive signals. .
|
| 650 |
|
0 |
|a New business enterprises.
|
| 650 |
|
0 |
|a Corporations-Finance.
|
| 650 |
|
0 |
|a Management.
|
| 650 |
|
0 |
|a Industrial management.
|
| 650 |
|
0 |
|a Economic policy.
|
| 650 |
|
0 |
|a Industrial organization.
|
| 650 |
1 |
4 |
|a Start-Ups/Venture Capital.
|0 http://scigraph.springernature.com/things/product-market-codes/514030
|
| 650 |
2 |
4 |
|a Corporate Finance.
|0 http://scigraph.springernature.com/things/product-market-codes/612000
|
| 650 |
2 |
4 |
|a Innovation/Technology Management.
|0 http://scigraph.springernature.com/things/product-market-codes/518000
|
| 650 |
2 |
4 |
|a R & D/Technology Policy.
|0 http://scigraph.springernature.com/things/product-market-codes/W43000
|
| 650 |
2 |
4 |
|a Industrial Organization.
|0 http://scigraph.springernature.com/things/product-market-codes/W31010
|
| 710 |
2 |
|
|a SpringerLink (Online service)
|
| 773 |
0 |
|
|t Springer eBooks
|
| 776 |
0 |
8 |
|i Printed edition:
|z 9783319661544
|
| 776 |
0 |
8 |
|i Printed edition:
|z 9783319661568
|
| 776 |
0 |
8 |
|i Printed edition:
|z 9783030097615
|
| 856 |
4 |
0 |
|u https://doi.org/10.1007/978-3-319-66155-1
|z Full Text via HEAL-Link
|
| 912 |
|
|
|a ZDB-2-BUM
|
| 950 |
|
|
|a Business and Management (Springer-41169)
|